Top 30 Nas Songs - Statistics

General Stats
  • This quiz has been taken 15 times
  • The average score is 12 of 30
Answer Stats
# Song Rating % Correct
1. N.Y. State of Mind 98
100%
3. The World Is Yours 97
90%
12. Ether 95
70%
4. Nas Is Like 97
70%
6. It Ain't Hard to Tell 96
60%
10. Life's a Bitch 95
60%
21. One Love 93
60%
11. Represent 95
60%
7. The Message 96
60%
24. Affirmative Action 92
50%
8. If I Ruled the World (Imagine That) 96
50%
2. Purple 98
50%
14. Get Down 94
40%
19. Halftime 93
40%
13. I Gave You Power 95
40%
20. Made You Look 93
40%
16. Memory Lane (Sittin' in da Park) 94
40%
15. One Mic 94
40%
9. Still Dreaming 96
40%
5. Doo Rags 96
30%
17. Cherry Wine 94
20%
18. Got Ur Self A... 93
20%
28. Thun 91
20%
23. Drunk by Myself 92
10%
26. Let God Sort Em Out/Chandeliers 92
10%
22. Nobody 93
10%
29. Heaven 91
0%
25. My Way 92
0%
27. Run It Back!! 92
0%
30. Wave Gods 91
0%
No matching quizzes found
Score Distribution
Percent of People with Each Score
Percentile by Number Answered
Your Score History
You have not taken this quiz